| Tag |
First Indicator |
Second Indicator |
Subfields |
| LEADER |
00000cam a2200000 a 4500 |
| 001 |
in00000886821 |
| 005 |
20150923144750.0 |
| 007 |
hd afb017baca |
| 007 |
hd bfb017baaa |
| 008 |
850723s1642 miu a 00000 eng d |
| 035 |
|
|
|a (OCoLC)12295215
|
| 035 |
|
|
|9 AEL7090AM
|
| 037 |
|
|
|a CL0037000053
|b University Microfilms International
|
| 037 |
|
|
|b University Microfilms International, 300 N. Zeeb Rd., Ann Arbor, MI 48106
|
| 040 |
|
|
|a EAI
|c EAI
|d UtOrBLW
|
| 043 |
|
|
|a e-uk-en
|
| 049 |
|
|
|a TXAI
|
| 090 |
|
|
|a BX5203.5
|b .F34
|
| 099 |
|
|
|a film
|a B
|a 3609
|
| 245 |
0 |
0 |
|a False prophets discovered :
|b being a true story of the lives and deaths of two weavers (late of Colchester), viz. Richard Farnham and Iohn Bull, who affirmed themselves the two great prophets which should come in the end of the world, mentioned Revel. II, also that the plague should not come nigh their dwelling, neverthelesse being prisoners, to one in Old-Bridewell, the other in New-Bridewell, by a strange providence of Almighty God, both the one and the other dyed of the plague in a house where they usually met, in Rosemary-Lane, in Ianuary last, 1641 : here also is laid down their strange prophecies, and the scriptures which they most blasphemously wrested, to the seducing of divers proselytes, who yet remaine obstinate, and confidently gone in vessels of bullrushes to convert the tenne tribes, the which they will also seeme to prove, as may be seene by this ensuing discourse.
|
| 264 |
|
3 |
|a London :
|b Printed for I. Wright,
|c 1642.
|
| 300 |
|
|
|a 7 unnumbered pages
|
| 336 |
|
|
|a text
|b txt
|2 rdacontent
|
| 337 |
|
|
|a microform
|b h
|2 rdamedia
|
| 338 |
|
|
|a microfilm reel
|b hd
|2 rdacarrier
|
| 500 |
|
|
|a Reproduction of original in the Trinity College Library, Cambridge University.
|
| 510 |
4 |
|
|a Wing
|c F469.
|
| 533 |
|
|
|a Microfilm.
|b Ann Arbor, Mich. :
|c University Microfilms International,
|d 1984.
|e 1 microfilm reel ; 35 mm.
|f (Early English books, 1641-1700 ; 1503:29)
|
| 500 |
|
|
|a Microform.
|
| 650 |
|
0 |
|a Dissenters, Religious
|z England.
|
| 650 |
|
0 |
|a Nativistic movements
|z England.
|
| 650 |
|
0 |
|a Cults
|z England.
|
| 830 |
|
0 |
|a Early English books, 1641-1700 ;
|v 1503:29.
|
| 999 |
|
|
|a MARS
|
| 999 |
f |
f |
|s decf6757-a528-39fb-89b6-5377e34837fa
|i 330a22c7-77f7-3ae3-ac39-dfe867c28e71
|t 0
|
| 952 |
f |
f |
|p default
|a Texas A&M University
|b College Station
|c Sterling C. Evans Library
|d Evans: Microforms (3rd floor)
|t 0
|e film B 3609 1503:29
|h Other scheme
|i microform -- microfilm reel
|
| 998 |
f |
f |
|a film B 3609 1503:29
|t 0
|l Evans: Microforms (3rd floor)
|